Loading...
| Fine Arts - Auditory | 4 | 12.50 | 900% | 450% | 150% |
| Fine Arts - Other | 3 | 13.33 | 0% | 200% | 567% |
| Fine Arts - Visual | 3 | 10.00 | 0% | 367% | 167% |
| History - American | 1 | 10.00 | 3,600% | 0% | 0% |
| History - European | 5 | 16.00 | 1,940% | 480% | 120% |
| History - Other | 4 | 10.00 | 1,525% | 0% | 300% |
| History - World | 5 | 16.00 | 2,160% | 340% | 240% |
| Literature - American | 3 | 10.00 | 2,400% | 0% | 200% |
| Literature - British | 7 | 14.29 | 1,900% | 243% | 229% |
| Literature - European | 6 | 11.67 | 1,617% | 400% | 0% |
| Literature - World | 4 | 10.00 | 625% | 425% | 0% |
| Mythology | 4 | 15.00 | 2,150% | 275% | 150% |
| Other Academic | 1 | 10.00 | 0% | 0% | 600% |
| Philosophy | 4 | 10.00 | 625% | 125% | 300% |
| Pop Culture | 1 | 20.00 | 0% | 500% | 500% |
| Religion | 2 | 20.00 | 1,800% | 300% | 550% |
| Science - Biology | 3 | 6.67 | 0% | 200% | 167% |
| Science - Chemistry | 4 | 12.50 | 900% | 150% | 450% |
| Science - Other | 3 | 13.33 | 2,033% | 0% | 367% |
| Science - Physics | 7 | 10.00 | 514% | 329% | 143% |
| Social Science | 4 | 10.00 | 0% | 275% | 275% |